[Event "Titled Tuesday intern op 13th Oct"]
[Site "Chess.com INT"]
[Date "2020.10.13"]
[Round "9"]
[White "Mons, Leon"]
[Black "Zhigalko, Sergei"]
[Result "1/2-1/2"]
[WhiteElo "2530"]
[BlackElo "2572"]
[PlyCount "136"]
[EventDate "2020.10.13"]
[EventType "swiss (blitz)"]
[EventRounds "10"]
[EventCountry "USA"]
[SourceTitle "CBM 198 Extra"]
[Source "ChessBase"]
[SourceDate "2020.11.30"]
[SourceVersion "1"]
[SourceVersionDate "2020.11.30"]
[SourceQuality "1"]

1. d4 Nf6 2. c4 e6 3. Nc3 Bb4 4. e3 O-O 5. Nge2 d5 6. a3 Be7 7. cxd5 exd5 8. Nf4 c6 9. Bd3 Re8 10. O-O Nbd7 11. f3 Nf8 12. Bc2 Ne6 13. Nxe6 Bxe6 14. e4 dxe4 15. fxe4 Bg4 16. Qd3 Bh5 17. Bg5 c5 18. d5 Nd7 19. Bf4 Bf6 20. Ba4 a6 21. Rae1 b5 22. Bc2 Ne5 23. Qg3 Bh4 24. Qe3 Rc8 25. Bg3 Bg5 26. Bf4 Bh4 27. Bg3 Bf6 28. h3 Nf3+ 29. gxf3 Bd4 30. Kg2 Bxe3 31. Rxe3 b4 32. Ne2 Qb6 33. Ba4 c4 34. Bf2 Red8 35. Ng3 Bg6 36. Rb3 Qa5 37. Rxb4 c3 38. Bb6 Qxb4 39. axb4 cxb2 40. Rb1 Rd6 41. Bc5 Rxd5 42. Rxb2 Rd3 43. Bb3 a5 44. Bd5 h6 45. Kf2 Ra3 46. Ne2 Bh5 47. Nd4 axb4 48. Rxb4 Rd3 49. Rc4 Rxc5 50. Rxc5 Rxd4 51. Ke3 Ra4 52. Rc8+ Kh7 53. Rc3 Rb4 54. f4 Bg6 55. f5 Bh5 56. Kf4 f6 57. Rg3 Ra4 58. Rc3 Ra1 59. Rc8 Rf1+ 60. Ke3 Re1+ 61. Kf2 Re2+ 62. Kf1 g5 63. fxg6+ Kxg6 64. Rg8+ Kh7 65. Rf8 Kg7 66. Rg8+ Kh7 67. Rf8 Kg7 68. Rg8+ Kh7 1/2-1/2

[Event "Titled Tuesday intern op 17th Nov"]
[Site "Chess.com INT"]
[Date "2020.11.17"]
[Round "3"]
[White "Zhigalko, Sergei"]
[Black "Silva, Kaua Marques"]
[Result "1-0"]
[WhiteElo "2572"]
[BlackElo "2121"]
[PlyCount "97"]
[EventDate "2020.11.17"]
[EventType "swiss (blitz)"]
[EventRounds "11"]
[EventCountry "USA"]
[SourceTitle "CBM 199 Extra"]
[Source "ChessBase"]
[SourceDate "2021.01.31"]
[SourceVersion "1"]
[SourceVersionDate "2021.01.31"]
[SourceQuality "1"]

1. e4 c5 2. Nf3 Nc6 3. c3 Nf6 4. e5 Nd5 5. Bc4 e6 6. d4 cxd4 7. cxd4 d6 8. O-O Be7 9. Bd2 O-O 10. Nc3 Nxc3 11. Bxc3 dxe5 12. dxe5 Qxd1 13. Rfxd1 a6 14. Bd3 Rd8 15. Be4 Bd7 16. Nd4 Rac8 17. Nxc6 Bxc6 18. Bxc6 bxc6 19. Rxd8+ Rxd8 20. Kf1 Bg5 21. Ke2 Rd5 22. g3 Be7 23. Rc1 g5 24. f4 Kg7 25. Bd2 c5 26. Be3 Kg6 27. Rc4 Kf5 28. Ra4 gxf4 29. gxf4 c4 30. Rxc4 Rb5 31. b3 Bf8 32. Rc7 Kg6 33. Rc8 Bh6 34. Kf3 Ra5 35. a4 Rd5 36. Ke4 Rd1 37. Rc6 Rb1 38. f5+ Kh5 39. Bxh6 Kxh6 40. fxe6 fxe6 41. Rxe6+ Kg5 42. Rxa6 Rxb3 43. a5 Rb4+ 44. Kd5 Rb5+ 45. Kd6 Kf5 46. e6 Rb1 47. e7 Rd1+ 48. Kc7 Re1 49. Kd7 1-0

[Event "Titled Tuesday intern op 17th Nov"]
[Site "Chess.com INT"]
[Date "2020.11.17"]
[Round "4"]
[White "Chernobay, Artem"]
[Black "Zhigalko, Sergei"]
[Result "1-0"]
[WhiteElo "2490"]
[BlackElo "2572"]
[PlyCount "77"]
[EventDate "2020.11.17"]
[EventType "swiss (blitz)"]
[EventRounds "11"]
[EventCountry "USA"]
[SourceTitle "CBM 199 Extra"]
[Source "ChessBase"]
[SourceDate "2021.01.31"]
[SourceVersion "1"]
[SourceVersionDate "2021.01.31"]
[SourceQuality "1"]

1. d4 Nf6 2. c4 e6 3. Nf3 b6 4. g3 Ba6 5. b3 Bb4+ 6. Bd2 Be7 7. Bg2 c6 8. Bc3 d5 9. Nbd2 Nbd7 10. Qc2 c5 11. O-O Rc8 12. e4 cxd4 13. Bxd4 O-O 14. e5 Ne8 15. Qd3 Nc7 16. Rfd1 b5 17. cxd5 b4 18. Qe4 Nxd5 19. Rac1 Qa5 20. Nc4 Qxa2 21. Ra1 Qxb3 22. Nfd2 Qxd1+ 23. Rxd1 Bxc4 24. Nxc4 Rxc4 25. Qd3 Rfc8 26. Bxd5 exd5 27. Qf5 Nf8 28. Bxa7 Ne6 29. Rxd5 b3 30. Rb5 Rb4 31. Rxb4 Bxb4 32. Qb1 Rc3 33. Be3 h6 34. Bd2 Rc4 35. Qxb3 Re4 36. Bxb4 Nd4 37. Qd3 Nf3+ 38. Qxf3 Rxe5 39. Bc3 1-0

[Event "Titled Tuesday intern op 17th Nov"]
[Site "Chess.com INT"]
[Date "2020.11.17"]
[Round "5"]
[White "Zhigalko, Sergei"]
[Black "Denishev, Marat"]
[Result "1-0"]
[WhiteElo "2572"]
[BlackElo "2159"]
[PlyCount "113"]
[EventDate "2020.11.17"]
[EventType "swiss (blitz)"]
[EventRounds "11"]
[EventCountry "USA"]
[SourceTitle "CBM 199 Extra"]
[Source "ChessBase"]
[SourceDate "2021.01.31"]
[SourceVersion "1"]
[SourceVersionDate "2021.01.31"]
[SourceQuality "1"]

1. e4 Nf6 2. e5 Nd5 3. d4 d6 4. Nf3 dxe5 5. Nxe5 c6 6. Be2 Bf5 7. O-O e6 8. c4 Nf6 9. Nc3 Nbd7 10. Nf3 Bd6 11. Re1 O-O 12. h3 Re8 13. Qb3 Qb6 14. Qa4 Qc7 15. Be3 a6 16. Rac1 c5 17. a3 h6 18. b4 cxd4 19. Nxd4 Bg6 20. c5 Bh2+ 21. Kh1 Bf4 22. Bf3 Bxe3 23. Rxe3 e5 24. Nb3 e4 25. Be2 Qf4 26. Kg1 Ne5 27. Re1 Red8 28. Na5 Rab8 29. Nc4 Nd3 30. Bxd3 Rxd3 31. Nd6 Rd2 32. R1e2 Rxe2 33. Nxe2 Qe5 34. Nc3 b6 35. Nc4 Qd4 36. Nxb6 Rd8 37. Qc2 a5 38. Ne2 Qa1+ 39. Kh2 axb4 40. axb4 Bh5 41. Qc1 Qa2 42. Ng3 Rd2 43. Qe1 Rb2 44. Qg1 Rb1 45. Re1 Rb2 46. c6 Rxf2 47. c7 Bf3 48. c8=Q+ Kh7 49. Qf5+ Kg8 50. Qxf2 Qxf2 51. Rg1 g6 52. Qxf6 h5 53. Qf4 h4 54. Qxh4 Qxb6 55. gxf3 Qf2+ 56. Rg2 Qxf3 57. Qxe4 1-0

[Event "Titled Tuesday intern op 17th Nov"]
[Site "Chess.com INT"]
[Date "2020.11.17"]
[Round "6"]
[White "Seo, Jung Min"]
[Black "Zhigalko, Sergei"]
[Result "1-0"]
[WhiteElo "2453"]
[BlackElo "2572"]
[PlyCount "77"]
[EventDate "2020.11.17"]
[EventType "swiss (blitz)"]
[EventRounds "11"]
[EventCountry "USA"]
[SourceTitle "CBM 199 Extra"]
[Source "ChessBase"]
[SourceDate "2021.01.31"]
[SourceVersion "1"]
[SourceVersionDate "2021.01.31"]
[SourceQuality "1"]

1. e4 c5 2. Nf3 Nc6 3. Bb5 Nf6 4. Nc3 Qc7 5. O-O Nd4 6. Bd3 Ng4 7. g3 Nxf3+ 8. Qxf3 Ne5 9. Qe2 c4 10. Nd5 Qc6 11. Qh5 d6 12. Be2 e6 13. Nc3 g6 14. Qh3 Bg7 15. d4 cxd3 16. cxd3 O-O 17. d4 Nc4 18. Rd1 e5 19. Qh4 Nb6 20. Bh6 Bxh6 21. Qxh6 exd4 22. Rxd4 Be6 23. Rad1 Qc5 24. Rxd6 Rac8 25. h4 Qb4 26. R6d2 Rfe8 27. h5 a6 28. Qg5 Qe7 29. Qf4 Nd7 30. h6 Nf6 31. e5 Nh5 32. Bxh5 gxh5 33. Ne4 Kh8 34. Nd6 Rg8 35. Nxc8 Bxc8 36. Qf6+ Qxf6 37. exf6 h4 38. Rd8 hxg3 39. Rxg8+ 1-0

[Event "Titled Tuesday intern op 17th Nov"]
[Site "Chess.com INT"]
[Date "2020.11.17"]
[Round "7"]
[White "Zhigalko, Sergei"]
[Black "Vlassov, Nikolai"]
[Result "1-0"]
[WhiteElo "2572"]
[BlackElo "2331"]
[PlyCount "69"]
[EventDate "2020.11.17"]
[EventType "swiss (blitz)"]
[EventRounds "11"]
[EventCountry "USA"]
[SourceTitle "CBM 199 Extra"]
[Source "ChessBase"]
[SourceDate "2021.01.31"]
[SourceVersion "1"]
[SourceVersionDate "2021.01.31"]
[SourceQuality "1"]

1. e4 Nc6 2. Nf3 d5 3. exd5 Qxd5 4. Nc3 Qa5 5. d4 Bg4 6. Bb5 O-O-O 7. Bxc6 bxc6 8. Qe2 Kb7 9. h3 Qh5 10. Be3 Bxf3 11. gxf3 e6 12. O-O-O Nf6 13. Rhg1 h6 14. Rd3 Ka8 15. Bf4 Qa5 16. a3 Rb8 17. Ne4 Nd5 18. Bd2 Qa4 19. Nc3 Qa6 20. Nxd5 cxd5 21. Qe5 Qb6 22. Rb3 Qd6 23. Qe3 Rxb3 24. Qxb3 Qb6 25. Qa4 Kb7 26. Bf4 g5 27. Be5 Rg8 28. Rd1 Bd6 29. Rd3 Ka8 30. Rb3 Bxe5 31. Rxb6 Bf4+ 32. Kb1 cxb6 33. Qd7 Rg7 34. Qc8+ Bb8 35. Qc6# 1-0

[Event "Titled Tuesday intern op 17th Nov"]
[Site "Chess.com INT"]
[Date "2020.11.17"]
[Round "8"]
[White "Zhigalko, Sergei"]
[Black "Potapova, Margarita"]
[Result "1-0"]
[WhiteElo "2572"]
[BlackElo "2266"]
[PlyCount "143"]
[EventDate "2020.11.17"]
[EventType "swiss (blitz)"]
[EventRounds "11"]
[EventCountry "USA"]
[SourceTitle "CBM 199 Extra"]
[Source "ChessBase"]
[SourceDate "2021.01.31"]
[SourceVersion "1"]
[SourceVersionDate "2021.01.31"]
[SourceQuality "1"]

1. e4 c5 2. Nf3 d6 3. d4 cxd4 4. Qxd4 Nc6 5. Bb5 Bd7 6. Bxc6 Bxc6 7. Nc3 Nf6 8. Bg5 e6 9. O-O-O Be7 10. Rhe1 O-O 11. Kb1 Re8 12. Qd3 h6 13. Bf4 e5 14. Bg3 a6 15. Bh4 g5 16. Bg3 b5 17. h4 g4 18. Nd2 Kg7 19. f3 Qc8 20. f4 Qe6 21. Nf1 exf4 22. Bxf4 Nh5 23. Bd2 Bxh4 24. g3 Bf6 25. Ne3 b4 26. Nf5+ Kg8 27. Nd5 Bg7 28. Nxg7 Nxg7 29. Rf1 Bxd5 30. exd5 Qe4 31. Qb3 a5 32. Bxh6 a4 33. Qd3 Qxd3 34. Rxd3 Re7 35. a3 bxa3 36. Rxa3 Rb7 37. Bxg7 Kxg7 38. Rf4 Rab8 39. Rxg4+ Kf6 40. Ra2 Ke5 41. Rgxa4 Kxd5 42. Rf4 Ke6 43. b3 d5 44. Ra6+ Rb6 45. Ra7 R8b7 46. Ra8 Rb8 47. Ra7 R8b7 48. Raa4 Rc7 49. Rf2 Rbc6 50. Raf4 Rc5 51. Rf6+ Ke5 52. Rxf7 Rxf7 53. Rxf7 d4 54. g4 Ke4 55. Rf5 Rc7 56. Rf1 Rg7 57. Rg1 Rg5 58. Kc1 Ke3 59. Re1+ Kf2 60. Re4 d3 61. cxd3 Kf3 62. b4 Rb5 63. Kc2 Rd5 64. Kc3 Rd8 65. b5 Rc8+ 66. Rc4 Rb8 67. Kb4 Ke3 68. g5 Kxd3 69. g6 Rb6 70. Rg4 Rb8 71. g7 Rg8 72. b6 1-0

[Event "Titled Tuesday intern op 17th Nov"]
[Site "Chess.com INT"]
[Date "2020.11.17"]
[Round "9"]
[White "Gusarov, Grigory"]
[Black "Zhigalko, Sergei"]
[Result "1/2-1/2"]
[WhiteElo "2354"]
[BlackElo "2572"]
[PlyCount "69"]
[EventDate "2020.11.17"]
[EventType "swiss (blitz)"]
[EventRounds "11"]
[EventCountry "USA"]
[SourceTitle "CBM 199 Extra"]
[Source "ChessBase"]
[SourceDate "2021.01.31"]
[SourceVersion "1"]
[SourceVersionDate "2021.01.31"]
[SourceQuality "1"]

1. d4 Nf6 2. Nf3 e6 3. c4 b6 4. g3 Ba6 5. Qa4 Bb7 6. Bg2 c5 7. dxc5 Bxc5 8. O-O O-O 9. Nc3 Ne4 10. Qc2 Nxc3 11. Qxc3 Qe7 12. a3 a5 13. Bg5 f6 14. Be3 Nc6 15. Rfd1 Rac8 16. Bxc5 bxc5 17. Rd2 Rfd8 18. Rad1 Rb8 19. e3 Ba8 20. h4 a4 21. Qc2 Rb3 22. Rd3 Na5 23. Rxb3 Nxb3 24. Qc3 d6 25. Nd2 Bxg2 26. Kxg2 Qb7+ 27. Kg1 Nxd2 28. Rxd2 Qb6 29. Qc2 Qc6 30. Qd1 Kf7 31. Qh5+ Kg8 32. Qg4 Kf7 33. Qh5+ Kg8 34. Qg4 Kf7 35. Qh5+ 1/2-1/2

[Event "Titled Tuesday intern op 17th Nov"]
[Site "Chess.com INT"]
[Date "2020.11.17"]
[Round "10"]
[White "Zhigalko, Sergei"]
[Black "Godzwon, Iwo"]
[Result "1-0"]
[WhiteElo "2572"]
[BlackElo "2347"]
[PlyCount "115"]
[EventDate "2020.11.17"]
[EventType "swiss (blitz)"]
[EventRounds "11"]
[EventCountry "USA"]
[SourceTitle "CBM 199 Extra"]
[Source "ChessBase"]
[SourceDate "2021.01.31"]
[SourceVersion "1"]
[SourceVersionDate "2021.01.31"]
[SourceQuality "1"]

1. e4 c5 2. Nf3 e6 3. c3 d5 4. e5 Nc6 5. d4 Qb6 6. a3 Bd7 7. b4 cxd4 8. cxd4 Nge7 9. Nc3 Nf5 10. Na4 Qc7 11. Bb2 b6 12. Bd3 g6 13. O-O h5 14. Rc1 Bh6 15. b5 Bxc1 16. Qxc1 O-O-O 17. bxc6 Qxc6 18. Nc3 Kb8 19. a4 g5 20. Qxg5 Rdg8 21. Qf6 Rh6 22. Qxf7 Rhg6 23. g3 Be8 24. Qh7 R6g7 25. Bxf5 Rxh7 26. Bxh7 Rg7 27. Bd3 Bg6 28. Bb5 Qc8 29. Nh4 Be8 30. Bd3 Qd8 31. Ng2 h4 32. Ba3 Rg4 33. Bd6+ Kb7 34. Ne2 Bxa4 35. Ra1 Bc6 36. Ba6+ Ka8 37. Ne3 Rg8 38. Nf4 Qd7 39. Rc1 hxg3 40. hxg3 Rh8 41. Kg2 Rg8 42. Nh5 Rg6 43. Nf4 Rh6 44. Ng4 Rh8 45. Nf6 Qg7 46. Rxc6 Qh6 47. Rc8+ Rxc8 48. Bxc8 a5 49. Bxe6 a4 50. Bxd5+ Ka7 51. Ng4 Qg7 52. Ne3 Qd7 53. Bb4 Qb5 54. Bd6 Qd7 55. Nc4 b5 56. e6 Qd8 57. e7 Qe8 58. Ne5 1-0

[Event "Titled Tuesday intern op 17th Nov"]
[Site "Chess.com INT"]
[Date "2020.11.17"]
[Round "11"]
[White "Kazakouski, Valery"]
[Black "Zhigalko, Sergei"]
[Result "0-1"]
[WhiteElo "2473"]
[BlackElo "2572"]
[PlyCount "80"]
[EventDate "2020.11.17"]
[EventType "swiss (blitz)"]
[EventRounds "11"]
[EventCountry "USA"]
[SourceTitle "CBM 199 Extra"]
[Source "ChessBase"]
[SourceDate "2021.01.31"]
[SourceVersion "1"]
[SourceVersionDate "2021.01.31"]
[SourceQuality "1"]

1. d4 Nf6 2. Nf3 e6 3. c4 b6 4. g3 Ba6 5. b3 Bb4+ 6. Bd2 Be7 7. Nc3 O-O 8. Bg2 c6 9. e4 d5 10. e5 Ne4 11. cxd5 cxd5 12. Bf1 Qc8 13. Rc1 Nxd2 14. Qxd2 Bb4 15. Qb2 Bxf1 16. Kxf1 Qa6+ 17. Qe2 Rc8 18. Qxa6 Nxa6 19. Ne2 Ba3 20. Rc3 Nb4 21. Kg2 Nxa2 22. Rxc8+ Rxc8 23. Ra1 Rc2 24. Kf1 Bb4 25. h4 a5 26. h5 h6 27. g4 Kf8 28. g5 hxg5 29. Nxg5 Nc3 30. Nf4 Rb2 31. Kg2 Rxb3 32. Rh1 Ne4 33. Nxe4 dxe4 34. h6 gxh6 35. Rxh6 Bd2 36. Rf6 Bxf4 37. Rxf4 a4 38. d5 exd5 39. e6 b5 40. Rxf7+ Ke8 0-1

[Event "Titled Tuesday intern op 24th Nov"]
[Site "Chess.com INT"]
[Date "2020.11.24"]
[Round "10"]
[White "Kashlinskaya, Alina"]
[Black "Zhigalko, Sergei"]
[Result "0-1"]
[WhiteElo "2494"]
[BlackElo "2572"]
[PlyCount "70"]
[EventDate "2020.11.24"]
[EventType "swiss (blitz)"]
[EventRounds "11"]
[EventCountry "USA"]
[SourceTitle "CBM 199 Extra"]
[Source "ChessBase"]
[SourceDate "2021.01.31"]
[SourceVersion "1"]
[SourceVersionDate "2021.01.31"]
[SourceQuality "1"]

1. d4 Nf6 2. c4 e6 3. Nc3 Bb4 4. e3 O-O 5. Nge2 d5 6. a3 Be7 7. cxd5 exd5 8. g3 c6 9. Bg2 Re8 10. O-O Nbd7 11. Bd2 Nb6 12. b3 Bf5 13. f3 Bf8 14. g4 Bd3 15. Bc1 Ba6 16. Rf2 Bd6 17. Ng3 Qc7 18. Nce2 Bxe2 19. Nxe2 Bxh2+ 20. Kh1 Bg3 21. Rf1 Bd6 22. Qe1 Re6 23. g5 Nh5 24. Qh4 g6 25. Bh3 Re7 26. Kg2 Rae8 27. Kf2 c5 28. Bg4 cxd4 29. Bxh5 dxe3+ 30. Kg2 Qc2 31. f4 gxh5 32. Qxh5 d4 33. Rh1 Nd5 34. Ra2 Nxf4+ 35. Kf3 Qe4+ 0-1

[Event "Titled Tuesday intern op 15st Dec"]
[Site "Chess.com INT"]
[Date "2020.12.15"]
[Round "1"]
[White "Vazquez, Facundo"]
[Black "Zhigalko, Sergei"]
[Result "0-1"]
[WhiteElo "2207"]
[BlackElo "2572"]
[PlyCount "80"]
[EventDate "2020.12.15"]
[EventType "swiss (blitz)"]
[EventRounds "11"]
[EventCountry "USA"]
[SourceTitle "CBM 199 Extra"]
[Source "ChessBase"]
[SourceDate "2021.01.31"]
[SourceVersion "1"]
[SourceVersionDate "2021.01.31"]
[SourceQuality "1"]

1. d4 Nf6 2. c4 e6 3. Nf3 b6 4. a3 Ba6 5. Qc2 Bb7 6. Nc3 c5 7. d5 exd5 8. cxd5 Nxd5 9. g3 Nf6 10. Bg2 Be7 11. O-O O-O 12. Rd1 Nc6 13. Bf4 Rc8 14. Bd6 Re8 15. Qb3 Na5 16. Qc2 Bxd6 17. Rxd6 Qe7 18. Rad1 Nc4 19. R6d3 d5 20. Nh4 d4 21. Bxb7 Qxb7 22. Nb1 Ne5 23. Rb3 c4 24. Rb5 d3 25. exd3 cxd3 26. Qa4 Nf3+ 27. Nxf3 Qxf3 28. Rb4 Ne4 29. Rf1 h5 30. Nc3 Nxc3 31. bxc3 d2 32. Rd4 Qxc3 33. Qd7 Qxa3 34. Rxd2 Qe7 35. Qh3 g6 36. Rd7 Qa3 37. Rfd1 Rf8 38. Qg2 Rce8 39. Qb7 Qa4 40. Rc7 Qxd1+ 0-1

[Event "Titled Tuesday intern op 15st Dec"]
[Site "Chess.com INT"]
[Date "2020.12.15"]
[Round "2"]
[White "Zhigalko, Sergei"]
[Black "Vovk, Orest"]
[Result "1-0"]
[WhiteElo "2572"]
[BlackElo "2315"]
[PlyCount "51"]
[EventDate "2020.12.15"]
[EventType "swiss (blitz)"]
[EventRounds "11"]
[EventCountry "USA"]
[SourceTitle "CBM 199 Extra"]
[Source "ChessBase"]
[SourceDate "2021.01.31"]
[SourceVersion "1"]
[SourceVersionDate "2021.01.31"]
[SourceQuality "1"]

1. e4 g5 2. d4 g4 3. Qxg4 d5 4. Qh4 dxe4 5. Qxe4 Nf6 6. Qh4 Nc6 7. Nf3 Rg8 8. h3 Bf5 9. c3 Qd5 10. Be3 Bxb1 11. Rxb1 Qxa2 12. Nd2 O-O-O 13. Bc4 Qa5 14. O-O Nd5 15. Ra1 Qb6 16. Bxd5 Rxd5 17. c4 Rxd4 18. Qxh7 Rg6 19. Qh8 Qxb2 20. Bxd4 Nxd4 21. Qxf8+ Kd7 22. Qxf7 Rf6 23. Qh5 Qxd2 24. Rad1 Qb2 25. Qg4+ Kc6 26. Rxd4 1-0

[Event "Titled Tuesday intern op 15st Dec"]
[Site "Chess.com INT"]
[Date "2020.12.15"]
[Round "3"]
[White "Belyakov, Bogdan"]
[Black "Zhigalko, Sergei"]
[Result "0-1"]
[WhiteElo "2448"]
[BlackElo "2572"]
[PlyCount "166"]
[EventDate "2020.12.15"]
[EventType "swiss (blitz)"]
[EventRounds "11"]
[EventCountry "USA"]
[SourceTitle "CBM 199 Extra"]
[Source "ChessBase"]
[SourceDate "2021.01.31"]
[SourceVersion "1"]
[SourceVersionDate "2021.01.31"]
[SourceQuality "1"]

1. e4 c5 2. c3 Nf6 3. e5 Nd5 4. Nf3 Nc6 5. d4 cxd4 6. cxd4 d6 7. Bc4 Nb6 8. Bd3 Bg4 9. e6 Bxe6 10. Nc3 g6 11. h4 Bg7 12. h5 Bg4 13. d5 Ne5 14. Bb5+ Bd7 15. h6 Bf6 16. Nd4 O-O 17. f4 Bg4 18. Qb3 Ned7 19. Be3 Rc8 20. O-O Nc5 21. Qc2 a6 22. Be2 Qd7 23. f5 Bxe2 24. Qxe2 Nca4 25. Ne4 Nxd5 26. Nxf6+ exf6 27. Bf2 Rfe8 28. Qf3 Nab6 29. Rad1 Qa4 30. Qg3 g5 31. Qxd6 Rcd8 32. Qg3 Nf4 33. Kh2 Nbd5 34. Nf3 Kh8 35. Nxg5 fxg5 36. Qxg5 Rg8 37. Bd4+ Qxd4 38. Qxg8+ Rxg8 39. Rxd4 Rxg2+ 40. Kh1 Rg5 41. Rfxf4 Nxf4 42. Rxf4 Rh5+ 43. Kg2 Rxh6 44. Kf3 Rh2 45. f6 h6 46. Rb4 b5 47. a4 bxa4 48. Rxa4 Rxb2 49. Rxa6 Kh7 50. Ra4 Kg6 51. Rf4 Rb5 52. Kg4 Rb6 53. Rf5 Rxf6 54. Rb5 Re6 55. Kh4 Rd6 56. Kg4 Rd4+ 57. Kg3 f6 58. Kf3 Rc4 59. Kg3 h5 60. Kf3 Rd4 61. Kg3 Re4 62. Kf3 Re5 63. Rb8 Ra5 64. Rh8 Kg5 65. Kg3 Ra3+ 66. Kg2 f5 67. Rg8+ Kf4 68. Rh8 Ra2+ 69. Kg1 Ra1+ 70. Kg2 Ra2+ 71. Kg1 Kg4 72. Rg8+ Kf3 73. Rb8 f4 74. Rb3+ Kg4 75. Rb8 h4 76. Rb7 Kg3 77. Rg7+ Kf3 78. Rb7 Ra1+ 79. Kh2 Ra2+ 80. Kg1 Re2 81. Rb3+ Re3 82. Rb2 Re1+ 83. Kh2 Re2+ 0-1

[Event "Titled Tuesday intern op 15st Dec"]
[Site "Chess.com INT"]
[Date "2020.12.15"]
[Round "4"]
[White "Zhigalko, Sergei"]
[Black "Horvath, Dominik"]
[Result "1-0"]
[WhiteElo "2572"]
[BlackElo "2446"]
[PlyCount "41"]
[EventDate "2020.12.15"]
[EventType "swiss (blitz)"]
[EventRounds "11"]
[EventCountry "USA"]
[SourceTitle "CBM 199 Extra"]
[Source "ChessBase"]
[SourceDate "2021.01.31"]
[SourceVersion "1"]
[SourceVersionDate "2021.01.31"]
[SourceQuality "1"]

1. e4 e5 2. Nf3 Nc6 3. Bc4 Bc5 4. b4 Bxb4 5. c3 Ba5 6. d4 b5 7. Bxb5 Nxd4 8. Nxd4 exd4 9. Qxd4 Qf6 10. O-O Bb6 11. Qd3 Ne7 12. a4 a5 13. Ba3 O-O 14. Nd2 c6 15. e5 Qe6 16. Bc4 Nd5 17. Bxf8 Kxf8 18. Qxh7 Bb7 19. Rab1 c5 20. Nf3 Rb8 21. Qh8+ 1-0

[Event "Titled Tuesday intern op 15st Dec"]
[Site "Chess.com INT"]
[Date "2020.12.15"]
[Round "5"]
[White "Zierk, Steven C"]
[Black "Zhigalko, Sergei"]
[Result "1-0"]
[WhiteElo "2499"]
[BlackElo "2572"]
[PlyCount "71"]
[EventDate "2020.12.15"]
[EventType "swiss (blitz)"]
[EventRounds "11"]
[EventCountry "USA"]
[SourceTitle "CBM 199 Extra"]
[Source "ChessBase"]
[SourceDate "2021.01.31"]
[SourceVersion "1"]
[SourceVersionDate "2021.01.31"]
[SourceQuality "1"]

1. e4 c5 2. Nf3 Nc6 3. Bb5 Nf6 4. Nc3 Qc7 5. O-O Nd4 6. Re1 a6 7. Bf1 Ng4 8. g3 Nxf3+ 9. Qxf3 Ne5 10. Qe3 e6 11. f4 Nc6 12. Ne2 b5 13. b3 Bb7 14. Bb2 Nb4 15. Rec1 d5 16. c3 Nc6 17. exd5 Ne7 18. dxe6 Qc6 19. exf7+ Kxf7 20. Kf2 Nf5 21. Qd3 Nd6 22. Bh3 Rd8 23. Kf1 Be7 24. Qe3 Rhe8 25. Be6+ Kf8 26. c4 Qg2+ 27. Ke1 Ne4 28. d3 Bf6 29. Bxf6 Nxf6 30. Qxc5+ Re7 31. f5 Rxd3 32. Rd1 Qh1+ 33. Qg1 Rxd1+ 34. Rxd1 Qxg1+ 35. Nxg1 g6 36. Kf1 1-0

[Event "Titled Tuesday intern op 15st Dec"]
[Site "Chess.com INT"]
[Date "2020.12.15"]
[Round "6"]
[White "Zhigalko, Sergei"]
[Black "Gokerkan, Cem Kaan"]
[Result "0-1"]
[WhiteElo "2572"]
[BlackElo "2470"]
[PlyCount "128"]
[EventDate "2020.12.15"]
[EventType "swiss (blitz)"]
[EventRounds "11"]
[EventCountry "USA"]
[SourceTitle "CBM 199 Extra"]
[Source "ChessBase"]
[SourceDate "2021.01.31"]
[SourceVersion "1"]
[SourceVersionDate "2021.01.31"]
[SourceQuality "1"]

1. e4 c5 2. Nf3 d6 3. d4 cxd4 4. Qxd4 Nf6 5. Nc3 Nc6 6. Bb5 Bd7 7. Bxc6 Bxc6 8. Bg5 e6 9. O-O-O Be7 10. Rhe1 O-O 11. Kb1 Qa5 12. Qd2 Qa6 13. Nd4 Rfc8 14. f3 b5 15. g4 b4 16. Nce2 Rab8 17. Ng3 Qb6 18. Nh5 Qd8 19. h4 Ba4 20. b3 Bd7 21. Rg1 Rc5 22. Ne2 Rbc8 23. Rc1 Ne8 24. Bxe7 Qxe7 25. Qxb4 Qxh4 26. Qd2 a5 27. Nd4 a4 28. Rh1 Qg5 29. f4 Qd8 30. f5 axb3 31. axb3 Qa5 32. Qxa5 Rxa5 33. Kb2 e5 34. Ne2 d5 35. exd5 Rxd5 36. Rcd1 Bc6 37. Rhg1 f6 38. Nc3 Rxd1 39. Rxd1 Bf3 40. Rg1 g6 41. fxg6 hxg6 42. Ng3 Bxg4 43. Nd5 Kf7 44. Ne4 Bf5 45. Ndxf6 Nxf6 46. Nd6+ Ke7 47. Nxc8+ Bxc8 48. c4 Bf5 49. Kc3 Ne4+ 50. Kb4 Ke6 51. c5 Nf2 52. Ra1 Nd3+ 53. Kb5 e4 54. c6 e3 55. c7 Kd6 56. Kb6 e2 57. b4 e1=Q 58. Rxe1 Nxe1 59. Kb7 Nd3 60. b5 Nc5+ 61. Kb6 g5 62. Ka5 Kxc7 63. b6+ Kc6 64. b7 Nxb7+ 0-1

[Event "Titled Tuesday intern op 15st Dec"]
[Site "Chess.com INT"]
[Date "2020.12.15"]
[Round "7"]
[White "Csonka, Balazs"]
[Black "Zhigalko, Sergei"]
[Result "0-1"]
[WhiteElo "2498"]
[BlackElo "2572"]
[PlyCount "68"]
[EventDate "2020.12.15"]
[EventType "swiss (blitz)"]
[EventRounds "11"]
[EventCountry "USA"]
[SourceTitle "CBM 199 Extra"]
[Source "ChessBase"]
[SourceDate "2021.01.31"]
[SourceVersion "1"]
[SourceVersionDate "2021.01.31"]
[SourceQuality "1"]

1. d4 Nf6 2. Nf3 e6 3. Bf4 d5 4. e3 Bd6 5. Nbd2 O-O 6. Bd3 b6 7. h4 Bb7 8. h5 h6 9. Ne5 c5 10. c3 Nc6 11. Ndf3 Ne4 12. Nxc6 Bxc6 13. Ne5 Bb7 14. Qg4 Kh8 15. Bxe4 dxe4 16. O-O-O Qc7 17. Qg3 Rad8 18. dxc5 Qxc5 19. Ng6+ fxg6 20. Bxd6 Qc4 21. Bxf8 Rxf8 22. hxg6 Kg8 23. Rd7 Qxa2 24. Rhd1 Bd5 25. R1xd5 exd5 26. f3 Qa1+ 27. Kd2 Qxb2+ 28. Ke1 Qxc3+ 29. Kf2 exf3 30. Re7 fxg2+ 31. Kxg2 Qf6 32. Qc7 Qf1+ 33. Kg3 Qg1+ 34. Kh3 Qxg6 0-1

[Event "Titled Tuesday intern op 15st Dec"]
[Site "Chess.com INT"]
[Date "2020.12.15"]
[Round "8"]
[White "Zhigalko, Sergei"]
[Black "Mammadov, Zaur Fazahir Oglu"]
[Result "1-0"]
[WhiteElo "2572"]
[BlackElo "2417"]
[PlyCount "61"]
[EventDate "2020.12.15"]
[EventType "swiss (blitz)"]
[EventRounds "11"]
[EventCountry "USA"]
[SourceTitle "CBM 199 Extra"]
[Source "ChessBase"]
[SourceDate "2021.01.31"]
[SourceVersion "1"]
[SourceVersionDate "2021.01.31"]
[SourceQuality "1"]

1. e4 e6 2. d4 d5 3. e5 c5 4. c3 Nc6 5. Nf3 Qb6 6. a3 Bd7 7. b4 cxd4 8. cxd4 Rc8 9. Bb2 Na5 10. Nbd2 Nc4 11. Nxc4 dxc4 12. Rc1 Bb5 13. Nd2 Qa6 14. Ne4 Nh6 15. Nc3 Bc6 16. d5 exd5 17. Nxd5 b5 18. Nf4 Be7 19. Qh5 O-O 20. Be2 Rcd8 21. e6 Ba8 22. O-O fxe6 23. g3 Rxf4 24. gxf4 Qc6 25. f3 Rd2 26. Rf2 Rxb2 27. Bxc4 Rxf2 28. Bxe6+ Qxe6 29. Qe8+ Bf8 30. Qxe6+ Kh8 31. Kxf2 1-0